A modest proposal (Record no. 71467)

MARC details
000 -LEADER
fixed length control field 00978cam a2200241 4500
001 - CONTROL NUMBER
control field ABS66042
008 - FIXED-LENGTH DATA ELEMENTS--GENERAL INFORMATION
fixed length control field 021029n2002 000 0 eng u
035 ## - SYSTEM CONTROL NUMBER
System control number (Sirsi) u120291
100 ## - MAIN ENTRY--PERSONAL NAME
Personal name Shapiro, D
245 #2 - TITLE STATEMENT
Title A modest proposal
260 ## - PUBLICATION, DISTRIBUTION, ETC.
Date of publication, distribution, etc. 2002
490 ## - SERIES STATEMENT
Series statement Solicitors' Journal
Volume/sequential designation 20 September 2002, 819-821(3)
520 ## - SUMMARY, ETC.
Summary, etc. Examines cost-effective ways to promote alternative dispute resolution (ADR) for small claims. Makes three proposals: increasing the small claims jurisdiction to £10 000; introducing a straight percentage contingency fee; and encouraging judges to select cases for mediation. Includes opinions from four experts on the pros and cons of these proposals.
590 ## - LOCAL NOTE (RLIN)
Local note ABS
650 ## - SUBJECT ADDED ENTRY--TOPICAL TERM
Topical term or geographic name entry element ALTERNATIVE DISPUTE RESOLUTION
650 ## - SUBJECT ADDED ENTRY--TOPICAL TERM
Topical term or geographic name entry element ALTERNATIVE DISPUTE RESOLUTION
650 ## - SUBJECT ADDED ENTRY--TOPICAL TERM
Topical term or geographic name entry element SMALL CLAIMS
650 ## - SUBJECT ADDED ENTRY--TOPICAL TERM
Topical term or geographic name entry element MEDIATION
650 ## - SUBJECT ADDED ENTRY--TOPICAL TERM
Topical term or geographic name entry element CONTINGENCY FEES
690 ## - LOCAL SUBJECT ADDED ENTRY--TOPICAL TERM (OCLC, RLIN)
Topical term or geographic name as entry element Dispute resolution
9 (RLIN) 6236
700 ## - ADDED ENTRY--PERSONAL NAME
Personal name Preston-Jones, R
942 ## - ADDED ENTRY ELEMENTS (KOHA)
Suppress in OPAC 0
Holdings
Withdrawn status Lost status Source of classification or shelving scheme Damaged status Not for loan Home library Current library Shelving location Date acquired Total Checkouts Full call number Barcode Date last seen Copy number Price effective from Koha item type
    Dewey Decimal Classification     London London Journal article 29/10/2002   ABS66042 120291-1001 06/08/2019 1 06/08/2019 Journal article